Police de groupes de musique - Statistiques

Statistiques générales
  • Ce quiz a été pris 82 fois
    66 depuis la dernière actualisation
  • Le résultat moyen est 11 sur 24
Statistiques - réponses
Par images Réponse % Correct
The Beatles
95%
Metallica
92%
Scorpions
77%
Gorillaz
70%
Pink Floyd
70%
ACDC
69%
The Doors
61%
Iron Maiden
49%
Korn
49%
Slayer
48%
Pantera
44%
Daft Punk
39%
Guns 'n' Roses
39%
Slipknot
39%
Coldplay
38%
Deftones
36%
Aerosmith
34%
Avenged Sevenfold
25%
Megadeth
23%
Europe
21%
Jamiroquai
21%
Def Leppard
18%
Soulfly
8%
Chemical Brothers
5%
Aucun quiz correspondant
Distribution des résultats
% des personnes avec chaque résultat
Percentile par nombre de réponses
Votre historique - résultats
Vous n’avez pas pris ce quiz depuis la dernière actualisation